[Event "Oberliga Wuerttemberg 1112"]
[Site "Wuerttemberg"]
[Date "2012.01.15"]
[Round "5.6"]
[White "Gerstenberger, Heinz"]
[Black "Pogan, Sebastian"]
[Result "1/2-1/2"]
[WhiteElo "2163"]
[BlackElo "1942"]
[PlyCount "79"]
[EventDate "2011.10.09"]
[EventType "team-tourn"]
[EventRounds "9"]
[EventCountry "GER"]
[SourceTitle "EXT 2019"]
[Source "ChessBase"]
[SourceDate "2018.10.10"]
[SourceVersion "1"]
[SourceVersionDate "2018.10.10"]
[SourceQuality "1"]
[WhiteTeam "Stuttgart SF II"]
[BlackTeam "Willsbach"]
[WhiteTeamCountry "GER"]
[BlackTeamCountry "GER"]

1. b3 d5 2. Bb2 c5 3. e3 Nc6 4. Nf3 Bg4 5. Bb5 Rc8 6. h3 Bh5 7. g4 Bg6 8. Ne5 e6 9. c4 a6 10. Bxc6+ bxc6 11. Nc3 Bd6 12. Nxg6 hxg6 13. Qc2 Qh4 14. 0-0-0 Qxf2 15. Na4 Qg3 16. Rdg1 Rxh3 17. Qc3 Rxh1 18. Rxh1 f6 19. Qa5 Kf7 20. Qxa6 Ne7 21. Nb6 Rb8 22. Ba3 Qxg4 23. Nd7 Qg2 24. Rd1 Rd8 25. Nxc5 Qe2 26. Nb7 Bxa3+ 27. Qxa3 Rf8 28. Qd6 dxc4 29. Nd8+ Rxd8 30. Qxd8 cxb3 31. axb3 Qb5 32. Kb2 f5 33. Ra1 Qc5 34. Ra8 g5 35. Qf8+ Kg6 36. Re8 Qe5+ 37. d4 Qxe3 38. Qxe7 Qxd4+ 39. Kb1 Qd3+ 40. Kb2 1/2-1/2

[Event "GER-chT Seniors 20th"]
[Site "Gladenbach"]
[Date "2011.09.17"]
[Round "7.4"]
[White "Gerstenberger, Heinz"]
[Black "Haubt, Georg"]
[Result "1/2-1/2"]
[WhiteElo "2052"]
[BlackElo "2161"]
[PlyCount "120"]
[EventDate "2011.09.11"]
[EventType "team-swiss"]
[EventRounds "7"]
[EventCountry "GER"]
[SourceTitle "CBM 144 Extra"]
[Source "ChessBase"]
[SourceDate "2011.10.28"]
[SourceVersion "1"]
[SourceVersionDate "2011.10.28"]
[SourceQuality "1"]
[WhiteTeam "Wuerttemberg"]
[BlackTeam "Hessen"]
[WhiteTeamCountry "GER"]
[BlackTeamCountry "GER"]

1. b3 e5 2. Bb2 d6 3. e3 Nf6 4. c4 Be7 5. g3 Bg4 6. Qc2 Qd7 7. Bg2 Nc6 8. Nc3 Bf5 9. e4 Nd4 10. Qd1 Bg4 11. f3 Bh5 12. Nce2 Ne6 13. Bh3 Qc6 14. d4 Nxd4 15. Nxd4 exd4 16. Qxd4 Rg8 17. 0-0-0 Qb6 18. Qxb6 axb6 19. a4 Nd7 20. Bxd7+ Kxd7 21. g4 Bg6 22. h4 f6 23. Ne2 c6 24. Nd4 h5 25. gxh5 Bxh5 26. Rd3 Bg6 27. Ne2 Kc7 28. Ng3 Rh8 29. h5 Bf7 30. Nf5 Bf8 31. Ng3 Ra5 32. h6 Rg5 33. Nf5 Be6 34. Rhd1 Bxf5 35. hxg7 Bxg7 36. exf5 Rd8 37. Rh1 Rxf5 38. Rh7 Rd7 39. Kc2 Rg5 40. b4 Rg2+ 41. Kb3 f5 42. Bc1 Be5 43. Rxd7+ Kxd7 44. f4 Bg7 45. Be3 Kc7 46. Bc1 Rg4 47. Rh3 Kd7 48. Kc2 d5 49. cxd5 cxd5 50. Kd3 Kc6 51. Rh5 Rg3+ 52. Ke2 Rg2+ 53. Kd3 b5 54. axb5+ Kxb5 55. Rxf5 Rg3+ 56. Ke2 Kc4 57. Rg5 Rxg5 58. fxg5 d4 59. Bd2 Be5 60. g6 Bg7 1/2-1/2

[Event "Oberliga Wuerttemberg 1011"]
[Site "Wuerttemberg"]
[Date "2011.02.13"]
[Round "6"]
[White "Gerstenberger, Heinz"]
[Black "Merk, Tobias"]
[Result "1/2-1/2"]
[WhiteElo "2150"]
[BlackElo "2152"]
[PlyCount "100"]
[EventDate "2010.09.26"]
[EventType "team-tourn"]
[EventRounds "9"]
[EventCountry "GER"]
[SourceTitle "EXT 2019"]
[Source "ChessBase"]
[SourceDate "2018.10.10"]
[SourceVersion "1"]
[SourceVersionDate "2018.10.10"]
[SourceQuality "1"]
[WhiteTeam "Stuttgart SF"]
[BlackTeam "Biberach"]
[WhiteTeamCountry "GER"]
[BlackTeamCountry "GER"]

1. b3 d5 2. Bb2 Nf6 3. e3 e6 4. Nf3 Bd6 5. d4 0-0 6. Bd3 a5 7. Nbd2 a4 8. a3 b6 9. 0-0 Bb7 10. Ne5 Bxe5 11. dxe5 Ne4 12. f3 Nxd2 13. Qxd2 c5 14. Rad1 Nc6 15. Bb5 axb3 16. cxb3 Qc7 17. f4 Na5 18. Qc3 Nc6 19. f5 exf5 20. Rxd5 Rad8 21. Rxd8 Nxd8 22. Rxf5 Ne6 23. Qc2 Rd8 24. Rf1 Qe7 25. Rd1 Rxd1+ 26. Qxd1 Qg5 27. Qe2 h5 28. Bd7 Nc7 29. Bh3 Nd5 30. e6 fxe6 31. Bxe6+ Kh8 32. Bc1 Nc3 33. Qf1 Bxg2 34. Qf8+ Kh7 35. Qf5+ Qxf5 36. Bxf5+ g6 37. Bxg6+ Kxg6 38. Kxg2 Ne4 39. Kf3 Kf5 40. b4 b5 41. bxc5 Nxc5 42. Bd2 Ne4 43. Bb4 Nf6 44. Bc5 Ne4 45. Bd4 Nd2+ 46. Ke2 Nc4 47. Bc5 Ke4 48. Kf2 Kd5 49. Be7 Ke4 50. Bc5 Kd5 1/2-1/2

[Event "Oberliga Wuerttemberg 1011"]
[Site "Wuerttemberg"]
[Date "2010.09.26"]
[Round "1"]
[White "Gerstenberger, Heinz"]
[Black "Strobel, Matthias"]
[Result "1-0"]
[WhiteElo "2150"]
[BlackElo "2086"]
[PlyCount "76"]
[EventDate "2010.09.26"]
[EventType "team-tourn"]
[EventRounds "9"]
[EventCountry "GER"]
[SourceTitle "EXT 2019"]
[Source "ChessBase"]
[SourceDate "2018.10.10"]
[SourceVersion "1"]
[SourceVersionDate "2018.10.10"]
[SourceQuality "1"]
[WhiteTeam "Stuttgart SF"]
[BlackTeam "Stuttgart SF II"]
[WhiteTeamCountry "GER"]
[BlackTeamCountry "GER"]

1. b3 e5 2. Bb2 d6 3. d4 Nd7 4. e3 c6 5. c4 Ngf6 6. Nc3 Be7 7. Nf3 0-0 8. Qc2 a6 9. a4 a5 10. Be2 Qc7 11. 0-0 Re8 12. Rfd1 Bf8 13. Rac1 Nb8 14. c5 exd4 15. cxd6 Bxd6 16. Rxd4 Qe7 17. Rcd1 Bc5 18. Rc4 Na6 19. Na2 Ne4 20. Rxe4 Qxe4 21. Qxe4 Rxe4 22. Rd8+ Bf8 23. Ba3 Nb4 24. Bd3 Rg4 25. Bf5 Bxf5 26. Rxa8 c5 27. Nc3 b6 28. Ne5 Rh4 29. Bxb4 axb4 30. Nd5 g6 31. g3 Rh3 32. Nxb6 Kg7 33. Nbc4 h5 34. Ra5 Be6 35. Rb5 g5 36. a5 f6 37. Rb7+ Kh6 38. Nc6 Bd5 1-0

[Event "GER-chT Seniors 19th"]
[Site "Eckernfoerde"]
[Date "2010.09.14"]
[Round "2.2"]
[White "Gerstenberger, Heinz"]
[Black "Dornieden, Manfred"]
[Result "1/2-1/2"]
[WhiteElo "2104"]
[BlackElo "2070"]
[PlyCount "88"]
[EventDate "2010.09.13"]
[EventType "team-swiss"]
[EventRounds "7"]
[EventCountry "GER"]
[SourceTitle "EXT 2011"]
[Source "ChessBase"]
[SourceDate "2010.11.26"]
[SourceVersion "1"]
[SourceVersionDate "2010.11.26"]
[SourceQuality "1"]
[WhiteTeam "Wuerttemberg II"]
[BlackTeam "Niedersachsen"]
[WhiteTeamCountry "GER"]
[BlackTeamCountry "GER"]

1. b3 e5 2. Bb2 Nc6 3. e3 Nf6 4. Bb5 d6 5. d4 Bd7 6. Ne2 exd4 7. Nxd4 Nxd4 8. Bxd7+ Qxd7 9. Qxd4 Be7 10. Nc3 c6 11. 0-0-0 0-0 12. e4 Rfd8 13. f4 Qg4 14. Qf2 b5 15. Rde1 Ne8 16. g3 Bf6 17. h3 Qh5 18. g4 Qh4 19. Qd2 g5 20. Kb1 gxf4 21. Qxf4 Be5 22. Qf3 Ng7 23. Ref1 Qe7 24. h4 Ne6 25. Ne2 a5 26. Bxe5 dxe5 27. Qc3 a4 28. Ng3 axb3 29. cxb3 Nd4 30. Nf5 Nxf5 31. gxf5 Qf6 32. Rhg1+ Kh8 33. Rd1 Rxd1+ 34. Rxd1 Rg8 35. Qc5 Rg2 36. Rd2 Rg8 37. Kb2 Qxh4 38. Qxe5+ f6 39. Qe7 Qh6 40. Rc2 Qf8 41. Qe6 c5 42. Rxc5 Qxc5 43. Qxf6+ Rg7 44. Qd8+ Rg8 1/2-1/2

[Event "Oberliga Wuerttemberg 0910"]
[Site "Wuerttemberg"]
[Date "2010.03.21"]
[Round "8.3"]
[White "Heinatz, Thomas"]
[Black "Gerstenberger, Heinz"]
[Result "1-0"]
[WhiteElo "2282"]
[BlackElo "2076"]
[PlyCount "65"]
[EventDate "2009.10.11"]
[EventType "team-tourn"]
[EventRounds "9"]
[EventCountry "GER"]
[SourceTitle "EXT 2019"]
[Source "ChessBase"]
[SourceDate "2018.10.10"]
[SourceVersion "1"]
[SourceVersionDate "2018.10.10"]
[SourceQuality "1"]
[WhiteTeam "Rommelshausen"]
[BlackTeam "Stuttgart SF II"]
[WhiteTeamCountry "GER"]
[BlackTeamCountry "GER"]

1. e4 b6 2. d4 Bb7 3. Nd2 e6 4. Ngf3 c5 5. dxc5 Bxc5 6. Bd3 Nf6 7. 0-0 Nc6 8. a3 Qc7 9. b4 Be7 10. Bb2 0-0 11. e5 Ne8 12. Qe2 f5 13. exf6 Bxf6 14. Bxf6 Nxf6 15. Ne4 Nxe4 16. Qxe4 g6 17. Ng5 Rf4 18. Qe3 Qe5 19. Qg3 Rf6 20. Ne4 Rf4 21. Rae1 Raf8 22. Nc5 Qc7 23. Nxb7 Qxb7 24. Bxg6 hxg6 25. Qxg6+ Kh8 26. Qh6+ Kg8 27. Qg6+ Kh8 28. Qh6+ Kg8 29. Qg5+ Kh8 30. Qh5+ Kg8 31. Qg5+ Kh8 32. Re3 R4f7 33. Qh6+ 1-0

[Event "Oberliga Wuerttemberg 0910"]
[Site "Wuerttemberg"]
[Date "2009.10.11"]
[Round "1.5"]
[White "Holzhaeuer, Mathias"]
[Black "Gerstenberger, Heinz"]
[Result "1/2-1/2"]
[WhiteElo "2214"]
[BlackElo "2076"]
[PlyCount "47"]
[EventDate "2009.10.11"]
[EventType "team-tourn"]
[EventRounds "9"]
[EventCountry "GER"]
[SourceTitle "EXT 2019"]
[Source "ChessBase"]
[SourceDate "2018.10.10"]
[SourceVersion "1"]
[SourceVersionDate "2018.10.10"]
[SourceQuality "1"]
[WhiteTeam "Schmiden/Cannstatt"]
[BlackTeam "Stuttgart SF II"]
[WhiteTeamCountry "GER"]
[BlackTeamCountry "GER"]

1. e4 c5 2. Nf3 e6 3. c3 Nf6 4. e5 Nd5 5. d4 cxd4 6. cxd4 d6 7. a3 Bd7 8. Bd3 Be7 9. 0-0 Bc6 10. Nc3 Nxc3 11. bxc3 Nd7 12. Bf4 Bxf3 13. Qxf3 dxe5 14. dxe5 0-0 15. Rfd1 Qc7 16. Bxh7+ Kxh7 17. Qd3+ Kg8 18. Qxd7 Rac8 19. Qxc7 Rxc7 20. Be3 Rfc8 21. Bxa7 Rxc3 22. a4 Ra8 23. Be3 Bc5 24. Bxc5 1/2-1/2

[Event "Oberliga Wuerttemberg 0809"]
[Site "Wuerttemberg"]
[Date "2009.03.15"]
[Round "8.7"]
[White "Gerstenberger, Heinz"]
[Black "Loehr, Markus"]
[Result "1/2-1/2"]
[WhiteElo "2077"]
[BlackElo "2215"]
[PlyCount "54"]
[EventDate "2008.10.12"]
[EventType "team-tourn"]
[EventRounds "9"]
[EventCountry "GER"]
[SourceTitle "EXT 2019"]
[Source "ChessBase"]
[SourceDate "2018.10.10"]
[SourceVersion "1"]
[SourceVersionDate "2018.10.10"]
[SourceQuality "1"]
[WhiteTeam "Stuttgart SF II"]
[BlackTeam "Schmiden/Cannstatt"]
[WhiteTeamCountry "GER"]
[BlackTeamCountry "GER"]

1. d4 d5 2. Bg5 h6 3. Bh4 c6 4. a3 Qb6 5. Ra2 Bf5 6. e3 e6 7. c4 Be7 8. c5 Qd8 9. Bg3 b6 10. b4 a5 11. Nc3 Nf6 12. Bd3 0-0 13. Nge2 Na6 14. Bxf5 exf5 15. Qb1 Ne4 16. 0-0 b5 17. Rb2 a4 18. Qd3 Nc7 19. Be5 Bf6 20. f3 Nxc3 21. Nxc3 Bxe5 22. dxe5 g6 23. Ne2 Qe7 24. f4 Ne6 25. Nd4 Rac8 26. Rf3 Kh8 27. Rh3 Kg7 1/2-1/2

[Event "Oberliga Wuerttemberg 0809"]
[Site "Wuerttemberg"]
[Date "2009.03.01"]
[Round "7.5"]
[White "Hoenick, Andreas"]
[Black "Gerstenberger, Heinz"]
[Result "1-0"]
[WhiteElo "2114"]
[BlackElo "2077"]
[PlyCount "67"]
[EventDate "2008.10.12"]
[EventType "team-tourn"]
[EventRounds "9"]
[EventCountry "GER"]
[SourceTitle "EXT 2019"]
[Source "ChessBase"]
[SourceDate "2018.10.10"]
[SourceVersion "1"]
[SourceVersionDate "2018.10.10"]
[SourceQuality "1"]
[WhiteTeam "Schwaebisch Gmuend"]
[BlackTeam "Stuttgart SF II"]
[WhiteTeamCountry "GER"]
[BlackTeamCountry "GER"]

1. d4 d5 2. c4 dxc4 3. Nf3 Nf6 4. e3 e6 5. Bxc4 c5 6. 0-0 a6 7. Bb3 b5 8. a4 b4 9. Nbd2 Bb7 10. a5 Nbd7 11. Re1 Be7 12. e4 cxd4 13. e5 Nd5 14. Ne4 Nc5 15. Nxc5 Bxc5 16. Ba4+ Kf8 17. Bc2 Rc8 18. Bd3 Rc7 19. Ng5 Ne3 20. Nxe6+ fxe6 21. fxe3 Qg5 22. Rf1+ Ke8 23. e4 Qg6 24. Qa4+ Ke7 25. Bd2 Bc6 26. Qc2 Bb5 27. Rac1 Rhc8 28. Qb3 Kd7 29. Bxb5+ axb5 30. Bxb4 Ba7 31. Rxc7+ Rxc7 32. Bd6 Rb7 33. a6 Rb6 34. Bc5 1-0